'D' Blitz Quiz Stats

 Plays Quiz Updated Dec 7, 2017

Also try: 'E' Blitz
Challenge
Share
Tweet
Embed
Score 0/40 Timer 04:00
0 Plays Today
Category Answer % Correct
MonthDecember
93.1%
Santa's ReindeerDasher
90.7%
Mathematical OperationDivision
87.4%
European CountryDenmark
81.3%
US StateDelaware
80.9%
Disney DwarfDoc
79.5%
Disney MascotDonald
78.4%
Chinese Zodiac AnimalDragon
73.3%
Osmond BrotherDonny
72.7%
Looney Tunes CharacterDaffy Duck
71.6%
Wizard of Oz CompanionDorothy
71.4%
Teenage Mutant Ninja TurtleDonatello
68.6%
Harry Potter HeadteacherDumbledore
66.2%
James Bond MovieDr. No
65.8%
US State CapitalDenver
64.1%
British Nobility rankDuchess
63.9%
Layer of SkinDermis
61.9%
Dog Breeds (AKC)Dalmatian
61.6%
Book of the BibleDeuteronomy
61.2%
Dan Brown BookDeception Point
60.3%
Category Answer % Correct
Ivy League SchoolDartmouth College
60.2%
Human Body SystemDigestive
59.9%
MLB Team NameDodgers
59.1%
African CountryDjibouti
56.7%
Clue/Cluedo RoomDining Room
49.2%
FruitDate
48.9%
US President's First NameDwight
48.8%
North American CountryDominica
45.7%
Decathlon EventDiscus
35.9%
English CountyDevon
33.8%
NFL Team NameDolphins
33.3%
Dumas' MusketeerD'Artagnan
26.1%
English PrepositionDown
26.1%
Three Tenors' TenorDomingo
25.9%
Asian CapitalDamascus
24.2%
Charles Dickens NovelDavid Copperfield
22.4%
Beatles SongDay Tripper
17.5%
Oscar Best PictureDriving Miss Daisy
16.7%
Premier League Team (Ever)Derby County
14.4%
ElementDubnium
10.2%

You're not logged in!

Compare scores with friends on all Sporcle quizzes.
OR
Log In

You Might Also Like...

Show Comments

Extras

Top Quizzes Today


Score Distribution

Your Account Isn't Verified!

In order to create a playlist on Sporcle, you need to verify the email address you used during registration. Go to your Sporcle Settings to finish the process.

Report this User

Report this user for behavior that violates our Community Guidelines.

Details: